000 00593nam a2200181 i 4500
001 95375
003 ES-MaACL
005 20230906181707.0
007 t|
008 050527s1972 sp |||| | spa d
100 1 _aLlano, Manuel.
_972696
245 1 0 _aArtículos en la prensa montañesa /
_cManuel Llano; recopilación e introducción de Ignacio Aguilera.
260 _aSantander :
_bDiputación Provincial,
_c1972.
300 _a2 v. ;
_c24 cm.
700 1 _aAguilera, Ignacio.
_918760
710 1 _aSantander (Provincia).
_bDiputación Provincial.
_96500
852 _aES-MaACL
_jC-44015-16
999 _c95375
_d95375